[Event "Euro Online U2300 Day 1"]
[Site "chess.com INT"]
[Date "2020.05.25"]
[Round "5"]
[White "Uhmann, Jan"]
[Black "Gevorgyan, Maria"]
[Result "1-0"]
[BlackTitle "WGM"]
[WhiteElo "2009"]
[BlackElo "2228"]
[WhiteFideId "306363"]
[BlackFideId "13300270"]
[EventDate "2020.05.25"]

1. e4 c5 2. Nf3 Nc6 3. Bc4 g6 4. O-O Bg7 5. c3 Nf6 6. e5 Ng4 7. Bxf7+ Kxf7 8.
Ng5+ Kg8 9. Qxg4 Nxe5 10. Qe2 h6 11. d4 Nc6 12. Nf3 cxd4 13. cxd4 d6 14. d5 Ne5
15. Nxe5 Bxe5 16. Nc3 Bf5 17. Be3 Kh7 18. Rac1 a6 19. g4 Bd7 20. f4 Bg7 21. f5
gxf5 22. gxf5 Rf8 23. Qd3 Kh8 24. Bd4 Rf7 25. Qe3 Kg8 26. Kh1 Bxf5 27. Rxf5 Rxf5
28. Qe6+ Rf7 29. Rg1 Kf8 30. Bxg7+ Rxg7 31. Qxh6 Ke8 32. Rxg7 Kd7 33. Qe6+ Kc7
34. Rxe7+ Kb6 35. Qe3+ Ka5 36. Rxb7 1-0

[Event "Euro Online U2300 Day 1"]
[Site "chess.com INT"]
[Date "2020.05.25"]
[Round "5"]
[White "Florescu, Codrut-Constantin"]
[Black "Medancic, Rikard"]
[Result "1-0"]
[WhiteTitle "IM"]
[BlackTitle "IM"]
[WhiteElo "2293"]
[BlackElo "2145"]
[WhiteFideId "1202200"]
[BlackFideId "14500531"]
[EventDate "2020.05.25"]

1. d4 Nf6 2. c4 e6 3. Nf3 Bb4+ 4. Nbd2 d5 5. a3 Be7 6. e3 O-O 7. b3 b6 8. cxd5
exd5 9. Bb2 Bb7 10. Bd3 Nbd7 11. O-O Re8 12. Ne5 Bd6 13. f4 a6 14. Qf3 Rc8 15.
g4 Qe7 16. g5 Ne4 17. Nxe4 dxe4 18. Bxe4 Bxe4 19. Qxe4 c5 20. Rf2 cxd4 21. exd4
b5 22. Qg2 Nb6 23. f5 f6 24. gxf6 Qxf6 25. Ng4 Qh4 26. d5 Kh8 27. f6 Bf8 28.
fxg7+ Bxg7 29. Bxg7+ Kxg7 30. Ne5+ Kh6 31. Nf7+ Kh5 32. Rf5+ Qg5 33. Qxg5# 1-0

[Event "Euro Online U2300 Day 1"]
[Site "chess.com INT"]
[Date "2020.05.25"]
[Round "5"]
[White "Injac, Teodora"]
[Black "Gacek, Waldemar"]
[Result "1-0"]
[WhiteTitle "WIM"]
[WhiteElo "2286"]
[BlackElo "2081"]
[WhiteFideId "932400"]
[BlackFideId "1111841"]
[EventDate "2020.05.25"]

1. d4 d5 2. Nf3 Nf6 3. c4 c6 4. Nbd2 Bf5 5. Nh4 Bc8 6. e3 e6 7. Nhf3 Bd6 8. Bd3
Nbd7 9. O-O O-O 10. e4 dxe4 11. Nxe4 Nxe4 12. Bxe4 Nf6 13. Bc2 b6 14. Qd3 Bb7
15. Bg5 g6 16. Rad1 Be7 17. Ne5 Qc7 18. Qh3 Rfd8 19. Qh4 Kg7 20. Rfe1 Ng8 21.
Nxf7 Bxg5 22. Nxg5 Kh8 23. Bxg6 Nf6 24. Nxe6 Qe7 25. Nxd8 Qxd8 26. Re8+ 1-0

[Event "Euro Online U2300 Day 1"]
[Site "chess.com INT"]
[Date "2020.05.25"]
[Round "5"]
[White "Schein, Karl-Heinz"]
[Black "Van Hoolandt, Patrick"]
[Result "0-1"]
[BlackTitle "FM"]
[WhiteElo "2187"]
[BlackElo "2063"]
[WhiteFideId "1604988"]
[BlackFideId "200999"]
[EventDate "2020.05.25"]

1. Nf3 d5 2. g3 c6 3. Bg2 Bg4 4. O-O Nd7 5. d3 e6 6. Nbd2 Bd6 7. b3 Ne7 8. Bb2
O-O 9. h3 Bh5 10. g4 Bg6 11. Nh4 f6 12. Nxg6 Nxg6 13. e3 Qe7 14. f4 Nh4 15. Qe1
Nxg2 16. Kxg2 f5 17. Nf3 fxg4 18. hxg4 e5 19. f5 e4 20. Nd4 Qg5 21. Qe2 Nf6 22.
Ne6 Qh4 23. Rf4 Bxf4 24. exf4 Qxg4+ 25. Qxg4 Nxg4 26. Nxg7 h6 27. Kg3 Ne3 28. f6
Nxc2 29. Rg1 exd3 30. Ne6 Rfe8 31. f5 Kf7 32. Nc7 Rg8+ 33. Kf4 Rxg1 34. Nxa8 d2 0-1

[Event "Euro Online U2300 Day 1"]
[Site "chess.com INT"]
[Date "2020.05.25"]
[Round "5"]
[White "Bruessow, Jakob"]
[Black "Sokolovsky, Yahli"]
[Result "1-0"]
[WhiteElo "1739"]
[BlackElo "2123"]
[WhiteFideId "1340522"]
[BlackFideId "2820242"]
[EventDate "2020.05.25"]

1. e4 e5 2. Nf3 Nc6 3. d4 exd4 4. Nxd4 Bc5 5. Nb3 Bb6 6. Nc3 Nf6 7. Bg5 O-O 8.
Qe2 Nd4 9. Qd2 Nxb3 10. axb3 h6 11. Be3 Bxe3 12. Qxe3 Re8 13. O-O-O b6 14. f3
Bb7 15. g4 Nh7 16. h4 d5 17. g5 hxg5 18. hxg5 Qxg5 19. f4 Qg6 20. Bd3 dxe4 21.
Bc4 Nf6 22. Rdg1 Ng4 23. Qh3 Kf8 24. Rxg4 Bc8 25. Qh8+ Ke7 26. Nd5+ Kd8 27.
Qxe8+ Kxe8 28. Rxg6 fxg6 29. Nxc7+ 1-0

[Event "Euro Online U2300 Day 1"]
[Site "chess.com INT"]
[Date "2020.05.25"]
[Round "5"]
[White "Usmanov, Ilnur"]
[Black "Salimova, Nurgyul"]
[Result "0-1"]
[BlackTitle "IM"]
[WhiteElo "2147"]
[BlackElo "2372"]
[WhiteFideId "4111303"]
[BlackFideId "2915138"]
[EventDate "2020.05.25"]

1. c4 e6 2. e4 d5 3. exd5 exd5 4. d4 Nf6 5. Nc3 Be7 6. Bg5 O-O 7. Nf3 Be6 8. c5
b6 9. b4 a5 10. a3 axb4 11. axb4 Nc6 12. Bxf6 Bxf6 13. Rxa8 Qxa8 14. b5 Qa5 15.
bxc6 Qxc3+ 16. Qd2 Qa1+ 17. Qd1 Qxd1+ 18. Kxd1 bxc5 19. Bd3 Ra8 20. Re1 cxd4 21.
Ke2 Kf8 22. Rd1 Ke7 23. Bb1 Kd6 24. Nxd4 Bxd4 25. Rxd4 Kxc6 26. Bxh7 g6 27. Rh4
Rh8 28. f3 Kc5 29. Rh6 d4 30. h4 Rb8 31. h5 Rb2+ 32. Kf1 Bc4+ 33. Kg1 d3 34.
hxg6 d2 35. g7 d1=Q+ 36. Kh2 f5 0-1

[Event "Euro Online U2300 Day 1"]
[Site "chess.com INT"]
[Date "2020.05.25"]
[Round "5"]
[White "Korotaev, Yaroslav"]
[Black "Pogorelskikh, Sergey"]
[Result "0-1"]
[BlackTitle "FM"]
[WhiteElo "1893"]
[BlackElo "2218"]
[WhiteFideId "54153450"]
[BlackFideId "4187024"]
[EventDate "2020.05.25"]

1. d4 Nf6 2. c4 e6 3. Nf3 Bb4+ 4. Bd2 Qe7 5. g3 Nc6 6. Bg2 Bxd2+ 7. Nbxd2 d5 8.
O-O O-O 9. Qc2 Rd8 10. c5 e5 11. dxe5 Nxe5 12. Nxe5 Qxe5 13. Nf3 Qe7 14. Nd4 c6
15. b4 Bg4 16. Rfe1 Bh5 17. a4 Bg6 18. Qb2 a5 19. Rec1 axb4 20. Qxb4 Ne4 21. Ra2
Re8 22. Rb2 Nxf2 23. Rb3 Nd3 24. Rxd3 Bxd3 25. Kh1 Be4 26. Nf3 Ra7 27. Ra1 Rea8
28. a5 Qd8 29. h4 Qc7 30. Kh2 Rxa5 0-1

[Event "Euro Online U2300 Day 1"]
[Site "chess.com INT"]
[Date "2020.05.25"]
[Round "5"]
[White "Terbe, Zsuzsanna"]
[Black "Lucchi, Lorenzo"]
[Result "1-0"]
[WhiteTitle "WFM"]
[WhiteElo "2192"]
[BlackElo "2111"]
[WhiteFideId "708801"]
[BlackFideId "821160"]
[EventDate "2020.05.25"]

1. d4 Nf6 2. Nf3 g6 3. g3 Bg7 4. Bg2 d5 5. c4 c6 6. cxd5 cxd5 7. Nc3 O-O 8. Ne5
Nc6 9. O-O Ne4 10. Nxc6 bxc6 11. Nxe4 dxe4 12. Bxe4 Bh3 13. Bg2 Bxg2 14. Kxg2
Qd5+ 15. Kg1 Bxd4 16. Qc2 Rfd8 17. Bf4 e5 18. Bg5 Rdb8 19. Rab1 e4 20. Bf4 Re8
21. e3 Bg7 22. Rfd1 Qxa2 23. Qxc6 Rac8 24. Qb7 Rcd8 25. Rdc1 Rd2 26. Qc6 Red8
27. Qxe4 Bxb2 28. Rf1 Qd5 29. Qa4 Qd7 30. Qb3 Bf6 31. e4 a5 32. Bxd2 Qxd2 33.
Rfd1 Qe2 34. Rxd8+ Bxd8 35. Qb8 Qd3 36. Qb3 Qd7 37. Rd1 Qc7 38. e5 Be7 39. e6 f5
40. h4 Kg7 41. Qb2+ Bf6 42. Rd7+ Kg8 43. Qxf6 1-0

[Event "Euro Online U2300 Day 1"]
[Site "chess.com INT"]
[Date "2020.05.25"]
[Round "5"]
[White "Babiy, Olga"]
[Black "Alexakis, Dimitris"]
[Result "1-0"]
[WhiteTitle "WGM"]
[BlackTitle "FM"]
[WhiteElo "2228"]
[BlackElo "2450"]
[WhiteFideId "14117258"]
[BlackFideId "4277023"]
[EventDate "2020.05.25"]

1. e4 c5 2. Nf3 Nc6 3. d4 cxd4 4. Nxd4 Nf6 5. Nc3 d6 6. f4 a6 7. Nf3 e6 8. Bd3
Be7 9. O-O O-O 10. a4 Rb8 11. Qe1 Kh8 12. Bd2 b5 13. axb5 axb5 14. e5 Nd5 15.
Qe4 f5 16. exf6 Nxf6 17. Qe2 b4 18. Ne4 d5 19. Neg5 Qb6+ 20. Kh1 Nd4 21. Nxd4
Qxd4 22. Be3 Qxb2 23. Rab1 Qc3 24. Rb3 Qc6 25. Bd4 Bd7 26. Nxh7 Nxh7 27. Qh5 Rf5
28. Bxf5 exf5 29. Rh3 1-0

[Event "Euro Online U2300 Day 1"]
[Site "chess.com INT"]
[Date "2020.05.25"]
[Round "5"]
[White "Frenkel, Ran"]
[Black "Ivchenko, Alexander"]
[Result "1-0"]
[WhiteElo "2245"]
[BlackElo "1891"]
[WhiteFideId "2815974"]
[BlackFideId "24213268"]
[EventDate "2020.05.25"]

1. d4 d5 2. c4 c6 3. Nc3 e6 4. e4 dxe4 5. Nxe4 Bb4+ 6. Nc3 Nf6 7. Nf3 O-O 8. Bd3
b6 9. O-O Bb7 10. Qe2 Nbd7 11. Bg5 h6 12. Bh4 Be7 13. Rfe1 Rc8 14. Rad1 Qc7 15.
Ne5 Nxe5 16. dxe5 Ne8 17. Qe4 g6 18. Qg4 Ng7 19. Ne4 Bxh4 20. Qxh4 Nf5 21. Nf6+
Kg7 22. Bxf5 exf5 23. Rd7 Qb8 24. e6 c5 25. e7 Rh8 26. Rxb7 Qxb7 27. e8=Q Rcxe8
28. Nxe8+ Kh7 29. Qf6 1-0

[Event "Euro Online U2300 Day 1"]
[Site "chess.com INT"]
[Date "2020.05.25"]
[Round "5"]
[White "Zpevakova, Jana"]
[Black "Sherman, Reem"]
[Result "0-1"]
[WhiteTitle "WFM"]
[WhiteElo "2106"]
[BlackElo "2146"]
[WhiteFideId "334030"]
[BlackFideId "2822288"]
[EventDate "2020.05.25"]

1. d4 Nf6 2. c4 c5 3. d5 b5 4. cxb5 e6 5. Bg5 Qa5+ 6. Bd2 Qxb5 7. Bc3 Nxd5 8. e4
Nxc3 9. Bxb5 Nxd1 10. Kxd1 Bb7 11. Nc3 a6 12. Bd3 Nc6 13. Nf3 Be7 14. Rc1 O-O
15. e5 Rfd8 16. Ke2 f6 17. Ne4 Nxe5 18. Nxe5 fxe5 19. Nxc5 Bxg2 20. Rhg1 Bd5 21.
b3 a5 22. Bb5 Rab8 23. a4 d6 24. Na6 Rbc8 25. Nc7 Bxb3 26. Rg3 Ba2 27. Ra3 Bb1
28. Rxb1 Rxc7 29. Rg3 g6 30. Bd3 d5 31. Rb5 e4 32. Bb1 Rc1 33. Rgb3 Bb4 34. f3
Re1+ 35. Kf2 e3+ 36. Kg2 e2 37. Re3 Rxb1 38. Rxe2 d4 39. Rxe6 d3 0-1

[Event "Euro Online U2300 Day 1"]
[Site "chess.com INT"]
[Date "2020.05.25"]
[Round "5"]
[White "Basa, Manasvita"]
[Black "Marjanovic, Annamaria"]
[Result "0-1"]
[BlackTitle "WGM"]
[WhiteElo "1711"]
[BlackElo "2338"]
[WhiteFideId "1060228"]
[BlackFideId "750930"]
[EventDate "2020.05.25"]

1. e4 e6 2. d4 d5 3. e5 c5 4. c3 Nc6 5. Nf3 Bd7 6. Be2 Nge7 7. O-O Ng6 8. Be3
cxd4 9. cxd4 Be7 10. Nc3 O-O 11. Rc1 a6 12. Qd2 f6 13. Rfd1 fxe5 14. dxe5 Kh8
15. Ng5 Ncxe5 16. h4 Nxh4 17. f4 Bxg5 18. fxe5 Bxe3+ 19. Qxe3 Nf5 20. Qh3 Qg5
21. Rf1 Ne3 22. Rf3 Rxf3 23. Bxf3 Nxg2 24. Qxg2 Qxc1+ 25. Kh2 Qf4+ 26. Kh1 Rf8
27. Be2 Qxe5 28. Bd3 Qe1+ 29. Kh2 Rf2 0-1

[Event "Euro Online U2300 Day 1"]
[Site "chess.com INT"]
[Date "2020.05.25"]
[Round "5"]
[White "Willow, Jonah B"]
[Black "Paprocki, Jaroslaw"]
[Result "0-1"]
[WhiteTitle "FM"]
[WhiteElo "2386"]
[BlackElo "2248"]
[WhiteFideId "438804"]
[BlackFideId "1122274"]
[EventDate "2020.05.25"]

1. e4 e5 2. Nf3 Nc6 3. Nc3 Nf6 4. Bb5 Bb4 5. O-O O-O 6. d3 d6 7. Ne2 Ne7 8. c3
Ba5 9. Ng3 c6 10. Ba4 Ng6 11. d4 Re8 12. Bc2 Bb6 13. h3 d5 14. exd5 e4 15. Ne5
cxd5 16. Nxg6 hxg6 17. Be3 Bd7 18. Re1 Rc8 19. a4 Bc7 20. Ne2 Nh5 21. Qd2 Qf6
22. Bd1 Qd6 23. g3 Bxh3 24. Nf4 Nxf4 25. Bxf4 Qd7 26. Bxc7 Rxc7 27. a5 a6 28.
Ba4 Qf5 29. Qe2 Re6 30. Bd1 Rf6 31. Kh2 g5 32. Kg1 g4 33. Qe3 Rcc6 34. Ba4 Rcd6
35. Re2 Qf3 36. Bd1 Qg2# 0-1

[Event "Euro Online U2300 Day 1"]
[Site "chess.com INT"]
[Date "2020.05.25"]
[Round "5"]
[White "Gasimov, Parviz"]
[Black "Finek, Vaclav"]
[Result "1-0"]
[WhiteTitle "FM"]
[BlackTitle "FM"]
[WhiteElo "2337"]
[BlackElo "2203"]
[WhiteFideId "13408798"]
[BlackFideId "23718293"]
[EventDate "2020.05.25"]

1. e4 Nf6 2. e5 Nd5 3. d4 d6 4. c4 Nb6 5. f4 dxe5 6. fxe5 Bf5 7. Nc3 e6 8. Be3
Nc6 9. Nf3 Bg4 10. Be2 Bxf3 11. gxf3 Qh4+ 12. Bf2 Qf4 13. c5 Nd7 14. Qd2 Qxd2+
15. Kxd2 O-O-O 16. Kc2 g6 17. Rad1 h5 18. Ne4 Ne7 19. Bh4 Re8 20. Bxe7 Bxe7 21.
Rhg1 Rd8 22. b4 Nb8 23. b5 Rd7 24. Kc3 Bf8 25. Bc4 Bg7 26. a4 Rhd8 27. f4 Bh6
28. Rgf1 b6 29. c6 Re7 30. Ng5 a5 31. Nxf7 Rxf7 32. Bxe6+ Rfd7 33. Rg1 Rf8 34.
Rxg6 Bxf4 35. Rf6 Rxf6 36. exf6 Kd8 37. cxd7 Nxd7 38. Bxd7 Kxd7 39. Re1 Bxh2 40.
f7 Bd6 41. Re8 c5 42. f8=Q cxd4+ 43. Kxd4 Bxf8 44. Rxf8 h4 45. Rh8 h3 46. Rxh3
Kc7 47. Rh6 Kb7 48. Rg6 Kc7 49. Kd5 Kb7 50. Rg7+ Kc8 51. Kc6 Kd8 52. Kxb6 Ke8
53. Kxa5 Kf8 54. Rc7 Ke8 55. Kb6 Kf8 56. a5 Ke8 57. a6 Kf8 58. a7 Ke8 59. a8=Q# 1-0

[Event "Euro Online U2300 Day 1"]
[Site "chess.com INT"]
[Date "2020.05.25"]
[Round "5"]
[White "Kusa, Jakub"]
[Black "Tevzadze, Mariam"]
[Result "1/2-1/2"]
[WhiteElo "2177"]
[BlackElo "1834"]
[WhiteFideId "395595"]
[BlackFideId "13605470"]
[EventDate "2020.05.25"]

1. e4 d6 2. d4 Nd7 3. Nf3 Ngf6 4. Nc3 e5 5. Bc4 Be7 6. O-O O-O 7. dxe5 Nxe5 8.
Nxe5 dxe5 9. Bg5 c6 10. Qxd8 Rxd8 11. Rad1 Be6 12. Bxe6 fxe6 13. f3 Bc5+ 14. Kh1
h6 15. Bh4 b5 16. Ne2 Bb6 17. Bg3 Bc7 18. Nc3 a6 19. Rxd8+ Rxd8 20. Rd1 Rxd1+
21. Nxd1 Nd7 22. Nf2 Kf7 23. Nd3 Ke7 24. Nb4 Nb8 25. Kg1 a5 26. Nd3 Nd7 27. Kf1
a4 28. Ke2 Kd6 29. b3 axb3 30. axb3 g5 31. c4 bxc4 32. bxc4 Bb6 33. h4 gxh4 34.
Bxh4 Ba7 35. g4 Bd4 36. Bg3 c5 37. Ne1 Nb6 38. Kd3 Ke7 39. Nc2 Na4 40. Na3 Nb2+
41. Kc2 Na4 42. Be1 Kf7 43. Kb3 Nb2 44. Bd2 Kg6 45. Nb5 Nd3 46. Nc7 Kf7 47. Bxh6
Ne1 48. f4 exf4 49. Bxf4 e5 50. Bg3 Nf3 51. Kc2 Kf6 52. Nb5 Kg5 53. Nxd4 Nxd4+
54. Kd3 Nf3 55. Bf2 Nd4 56. Bxd4 exd4 57. e5 Kg6 58. Ke4 Kg5 59. Kf3 Kg6 60. Kf4
Kg7 61. g5 Kf7 62. Ke4 Kg7 63. e6 Kg6 64. Kd3 Kg7 65. Ke2 Kg6 66. Kf3 Kg7 67.
Ke4 Kg6 68. Kf4 Kg7 1/2-1/2

[Event "Euro Online U2300 Day 1"]
[Site "chess.com INT"]
[Date "2020.05.25"]
[Round "5"]
[White "Riabov, Alexander"]
[Black "Upero, Jussi"]
[Result "0-1"]
[WhiteElo "2004"]
[BlackElo "2176"]
[WhiteFideId "14906562"]
[BlackFideId "504491"]
[EventDate "2020.05.25"]

1. e4 e5 2. Nf3 Nc6 3. d4 exd4 4. Bc4 Nf6 5. O-O Nxe4 6. Re1 d5 7. Bxd5 Qxd5 8.
Nc3 Qd7 9. Rxe4+ Be7 10. Nxd4 f5 11. Rf4 O-O 12. Be3 Ne5 13. Ndb5 c6 14. Rd4 Qe8
15. Nc7 Qg6 16. Nxa8 f4 17. Bxf4 Bg4 18. Qf1 Nf3+ 19. gxf3 Rxf4 20. Qc4+ Be6+
21. Kh1 Bxc4 22. Rxf4 Bd6 23. Rxc4 Qf7 24. Rd4 Qxf3+ 25. Kg1 Bxh2+ 26. Kxh2
Qxf2+ 27. Kh1 Qxd4 28. Rd1 Qh4+ 29. Kg2 Qg4+ 30. Kh1 Qc8 31. Ne4 Qh3+ 0-1

[Event "Euro Online U2300 Day 1"]
[Site "chess.com INT"]
[Date "2020.05.25"]
[Round "5"]
[White "Kopsa, Petri"]
[Black "Chernikov, Vladimir"]
[Result "1-0"]
[BlackTitle "FM"]
[WhiteElo "2048"]
[BlackElo "2231"]
[WhiteFideId "1706594"]
[BlackFideId "14112914"]
[EventDate "2020.05.25"]

1. d4 Nf6 2. c4 e5 3. dxe5 Ng4 4. Nf3 Bc5 5. e3 Nc6 6. Be2 O-O 7. Nc3 Re8 8. b3
Ngxe5 9. Nxe5 Nxe5 10. Bb2 a5 11. Qd5 Qg5 12. f4 Qf5 13. fxe5 Rxe5 14. Qf3 Qc2
15. O-O f6 16. Nd1 Bxe3+ 17. Kh1 Re8 18. Bxf6 gxf6 19. Nxe3 Qg6 20. Nd5 f5 21.
Nxc7 1-0

[Event "Euro Online U2300 Day 1"]
[Site "chess.com INT"]
[Date "2020.05.25"]
[Round "5"]
[White "Prohorov, Olexandr"]
[Black "Pavlidis, Anastasios"]
[Result "1-0"]
[WhiteTitle "FM"]
[BlackTitle "IM"]
[WhiteElo "2086"]
[BlackElo "2333"]
[WhiteFideId "14105578"]
[BlackFideId "4208404"]
[EventDate "2020.05.25"]

1. Nf3 g6 2. d4 Bg7 3. c4 f5 4. g3 d6 5. Bg2 Nf6 6. Nc3 O-O 7. O-O c6 8. Re1 Ne4
9. Qd3 d5 10. Bf4 Be6 11. cxd5 cxd5 12. Nb5 Na6 13. Rac1 Qa5 14. Qb3 Rfc8 15.
Ng5 Nxg5 16. Bxg5 Nb4 17. Nc3 Bxd4 18. Bxe7 Bxc3 19. Rxc3 Nxa2 20. Ra1 Rxc3 21.
bxc3 Qxc3 22. Qxa2 Kf7 23. Ba3 Rc8 24. Bxd5 Qxa1+ 25. Qxa1 Bxd5 26. Qe5 Be6 27.
Bb2 Rc6 28. Qf6+ Ke8 29. Qh8+ Kd7 30. Qxh7+ Kc8 31. Qxg6 a6 32. Qe8+ Kc7 33. Bd4
Rd6 34. Be5 1-0

[Event "Euro Online U2300 Day 1"]
[Site "chess.com INT"]
[Date "2020.05.25"]
[Round "5"]
[White "Agrafenin, Andrey"]
[Black "Manukyan, Sargis A."]
[Result "0-1"]
[BlackTitle "FM"]
[WhiteElo "2017"]
[BlackElo "2244"]
[WhiteFideId "13506544"]
[BlackFideId "13303970"]
[EventDate "2020.05.25"]

1. c4 e6 2. Nc3 d5 3. d4 Nf6 4. cxd5 exd5 5. Bg5 c6 6. e3 Qb6 7. Rb1 Ne4 8. Bf4
Qa5 9. Qc2 Bb4 10. Rc1 Qxa2 11. Bd3 Nxc3 12. bxc3 Qxc2 13. Rxc2 Be7 14. Ra2 a6
15. Nf3 Be6 16. O-O Nd7 17. Rb1 Ra7 18. Ne5 f6 19. Nf3 a5 20. Rba1 b6 21. Nd2
Kf7 22. h3 Rha8 23. c4 a4 24. e4 dxc4 25. Bxc4 Bxc4 26. Nxc4 b5 27. Nb2 a3 28.
Nd3 b4 29. Rb1 Rb7 30. Rb3 c5 31. dxc5 Nxc5 32. Nxc5 Bxc5 33. Bc1 Rd7 34. Bd2
Rxd2 35. Rxd2 a2 36. Rd1 a1=Q 37. Rxa1 Rxa1+ 38. Kh2 Ra3 39. Rb2 b3 40. f4 Bd4
41. Rd2 b2 42. Rxd4 b1=Q 43. Rd7+ Kg6 44. f5+ Kh6 45. Rd2 Qb8+ 0-1

[Event "Euro Online U2300 Day 1"]
[Site "chess.com INT"]
[Date "2020.05.25"]
[Round "5"]
[White "Toczek, Grzegorz"]
[Black "Nikolova, Adriana"]
[Result "1/2-1/2"]
[WhiteTitle "FM"]
[BlackTitle "WGM"]
[WhiteElo "2271"]
[BlackElo "2247"]
[WhiteFideId "1106457"]
[BlackFideId "2908689"]
[EventDate "2020.05.25"]

1. e4 c6 2. d4 d5 3. Nd2 dxe4 4. Nxe4 Nf6 5. Nxf6+ exf6 6. c3 Bd6 7. Bd3 O-O 8.
Qc2 Re8+ 9. Ne2 h6 10. O-O Nd7 11. h3 Nf8 12. c4 Be6 13. Bf4 Bxf4 14. Nxf4 Qxd4
15. Ne2 Qh4 16. Ng3 Rad8 17. Rad1 Kh8 18. b3 Rd4 19. Be4 Red8 20. Rxd4 Rxd4 21.
Rd1 Rxd1+ 22. Qxd1 g6 23. Qd8 Kg7 24. Qb8 f5 25. Bf3 b5 26. cxb5 cxb5 27. Qxb5
Qd4 28. Ne2 Qa1+ 29. Kh2 Qxa2 30. Qe5+ Kg8 31. Nd4 Qxf2 32. Nc6 Qb6 33. Bd5 Bxd5
34. Ne7+ Kh7 35. Nxd5 Qe6 36. Nf6+ Kh8 37. Qd4 Qb6 38. Qe5 Qe6 39. Qd4 Qb6 40.
Qe5 Qe6 1/2-1/2

[Event "Euro Online U2300 Day 1"]
[Site "chess.com INT"]
[Date "2020.05.25"]
[Round "5"]
[White "Misini, Burhanudin"]
[Black "Shtyka, Sergey"]
[Result "1-0"]
[BlackTitle "FM"]
[WhiteElo "1999"]
[BlackElo "2175"]
[WhiteFideId "4701488"]
[BlackFideId "4138465"]
[EventDate "2020.05.25"]

1. e4 c5 2. Nf3 Nc6 3. d4 cxd4 4. Nxd4 Nf6 5. Nc3 e5 6. Ndb5 h6 7. Nd6+ Bxd6 8.
Qxd6 Qe7 9. Qxe7+ Kxe7 10. Be3 d6 11. O-O-O Be6 12. f3 a6 13. b3 Rac8 14. Kb2 b5
15. h4 Rc7 16. g4 Rhc8 17. Ne2 Nd7 18. Rd2 b4 19. Ng3 a5 20. Ba6 Ra8 21. Be2 a4
22. Nf5+ Bxf5 23. gxf5 Nc5 24. Rg1 axb3 25. cxb3 Rca7 26. Kb1 Nd4 27. Bxd4 exd4
28. Bc4 Kf6 29. Bd5 Rc8 30. Rxd4 Rac7 31. Rgd1 Rb8 32. Bc4 Nb7 33. Ba6 Nc5 34.
Rxd6+ Ke5 35. Be2 Kf4 36. R1d4 Ke3 37. Bd1 Rbc8 38. R6d5 f6 39. h5 Rc6 40. Kb2
R6c7 41. Rd2 Kf4 42. Rc2 Ke3 43. Re2+ Kxf3 44. Rd4 Kf4 45. e5+ Kxf5 46. Bc2+ Kg5
47. Rg2+ Kxh5 48. Bg6# 1-0

[Event "Euro Online U2300 Day 1"]
[Site "chess.com INT"]
[Date "2020.05.25"]
[Round "5"]
[White "Kastner, Walter"]
[Black "Rabatin, Jakub"]
[Result "0-1"]
[WhiteTitle "FM"]
[BlackTitle "FM"]
[WhiteElo "2187"]
[BlackElo "2271"]
[WhiteFideId "1602500"]
[BlackFideId "329517"]
[EventDate "2020.05.25"]

1. d4 Nf6 2. Bg5 Ne4 3. Bf4 d5 4. e3 e6 5. Bd3 Bd6 6. Bxe4 Bxf4 7. Bd3 Bd6 8.
Nf3 c5 9. c3 Nc6 10. O-O O-O 11. Bb5 a6 12. Ba4 b5 13. Bc2 Bb7 14. Nbd2 h6 15.
e4 dxe4 16. Nxe4 cxd4 17. Nxd4 Nxd4 18. Qxd4 Be7 19. Qe3 Qc7 20. Rfd1 Rad8 21.
Rd3 Rxd3 22. Qxd3 Rd8 23. Qe2 Qf4 24. Re1 Qc7 25. Rd1 Qc6 26. Rxd8+ Bxd8 27. Qd3
Be7 28. f3 f5 29. Ng3 Qc5+ 30. Kh1 Bd6 31. Qd4 Qxd4 32. cxd4 Bd5 33. Bb3 Bxb3
34. axb3 Kf7 35. Ne2 e5 36. Kg1 exd4 37. Nxd4 Bc5 0-1

[Event "Euro Online U2300 Day 1"]
[Site "chess.com INT"]
[Date "2020.05.25"]
[Round "5"]
[White "Jakubauskas, Zygimantas"]
[Black "Flajsman, Pavel"]
[Result "0-1"]
[WhiteElo "2032"]
[BlackElo "2162"]
[WhiteFideId "12801046"]
[BlackFideId "391476"]
[EventDate "2020.05.25"]

1. e4 c5 2. Nc3 Nc6 3. g3 g6 4. Bg2 Bg7 5. d3 d6 6. f4 e6 7. Nh3 Nge7 8. O-O O-O
9. g4 f5 10. gxf5 exf5 11. Bd2 Rb8 12. Ng5 Nd4 13. h4 b5 14. h5 b4 15. Ne2 Nxe2+
16. Qxe2 Bxb2 17. Rab1 Bd4+ 18. Kh1 Rb6 19. hxg6 Nxg6 20. Nf3 Bg7 21. Ng5 Bd4
22. Qh5 Qc7 23. Bf3 Qg7 24. Rg1 Bxg1 25. Rxg1 d5 26. e5 d4 27. Bd5+ Kh8 28. e6
Bb7 29. Bxb7 Qxb7+ 30. Kh2 Qg7 31. Nf7+ Rxf7 32. exf7 Qxf7 33. Rg5 Rf6 34. Be1
Nxf4 35. Qf3 Rh6+ 36. Kg1 Nh3+ 0-1

[Event "Euro Online U2300 Day 1"]
[Site "chess.com INT"]
[Date "2020.05.25"]
[Round "5"]
[White "Narva, Mai"]
[Black "Svicevic, Rastko"]
[Result "0-1"]
[WhiteTitle "WIM"]
[BlackTitle "FM"]
[WhiteElo "2333"]
[BlackElo "2215"]
[WhiteFideId "4500512"]
[BlackFideId "916315"]
[EventDate "2020.05.25"]

1. e4 c5 2. Nf3 Nc6 3. d4 cxd4 4. Nxd4 e5 5. Nb5 d6 6. c4 Be7 7. Be2 f5 8. exf5
Bxf5 9. O-O Nf6 10. Nd2 O-O 11. Nf3 Rc8 12. Bg5 Ne4 13. Bxe7 Qxe7 14. Qd5+ Kh8
15. a3 a6 16. Nc3 Nxc3 17. bxc3 Be6 18. Qe4 Rf4 19. Qe3 Na5 20. Rab1 Nxc4 21.
Bxc4 Rfxc4 22. Rfd1 Rxc3 23. Qb6 Bf5 24. Ra1 R8c6 25. Qb4 R3c4 26. Qb2 Bg4 27.
Nxe5 dxe5 28. Qxe5 Be6 29. Re1 h6 30. h3 Qf6 31. Qb8+ Kh7 32. Qxb7 Rc2 33. Qa7
Qg6 34. Re3 Rxf2 35. Kxf2 Rc2+ 36. Ke1 Qxg2 37. Rxe6 Qh1+ 0-1

[Event "Euro Online U2300 Day 1"]
[Site "chess.com INT"]
[Date "2020.05.25"]
[Round "5"]
[White "Memeti, Kastriot"]
[Black "Bulau, Andrei-Cristian"]
[Result "1-0"]
[WhiteElo "2129"]
[BlackElo "2199"]
[WhiteFideId "204390"]
[BlackFideId "1237691"]
[EventDate "2020.05.25"]

1. d4 d5 2. Bf4 Nf6 3. e3 c5 4. c3 Nc6 5. Nd2 e6 6. Ngf3 Bd6 7. Bg3 O-O 8. Bd3
Qc7 9. dxc5 Bxg3 10. hxg3 h6 11. Qe2 e5 12. e4 Bg4 13. O-O Rad8 14. Rad1 Qa5 15.
Bb1 Qxc5 16. exd5 Rxd5 17. Ne4 Bxf3 18. Nxf6+ gxf6 19. Qxf3 Rxd1 20. Qg4+ Kh8
21. Rxd1 Ne7 22. Qh4 Kg7 23. Qg4+ Kh8 24. Rd7 Rg8 25. Qh4 Kg7 26. Qg4+ Kh8 27.
Qh5 Rxg3 28. Qxh6+ Kg8 29. Bh7+ Kh8 30. Bg6+ 1-0